<?xml version="1.0" encoding="UTF-8"?>
<record
    xmlns:xsi="http://www.w3.org/2001/XMLSchema-instance"
    xsi:schemaLocation="http://www.loc.gov/MARC21/slim http://www.loc.gov/standards/marcxml/schema/MARC21slim.xsd"
    xmlns="http://www.loc.gov/MARC21/slim">

  <leader>03231cam a22004454i 4500</leader>
  <controlfield tag="003">PE-LiUPU</controlfield>
  <controlfield tag="005">20250731165417.0</controlfield>
  <controlfield tag="008">151209s2010    pe     grm    000 0 spa d</controlfield>
  <datafield tag="035" ind1=" " ind2=" ">
    <subfield code="a">(Sirsi) a155451</subfield>
  </datafield>
  <datafield tag="040" ind1=" " ind2=" ">
    <subfield code="a">PE-LiUPU</subfield>
    <subfield code="b">spa</subfield>
    <subfield code="c">PE-LiUPU</subfield>
    <subfield code="e">rda</subfield>
  </datafield>
  <datafield tag="099" ind1=" " ind2=" ">
    <subfield code="a">TE 3</subfield>
    <subfield code="b">E79 2010</subfield>
  </datafield>
  <datafield tag="100" ind1="1" ind2=" ">
    <subfield code="a">Escobedo R&#xED;os, Ana Rebeca,</subfield>
    <subfield code="e">autor</subfield>
  </datafield>
  <datafield tag="245" ind1="1" ind2="3">
    <subfield code="a">La funcionalidad en los matrimonios adventistas de la Universidad Peruana Uni&#xF3;n y su relaci&#xF3;n con la inteligencia emocional /</subfield>
    <subfield code="c">Ana Rebeca Escobedo Rios.</subfield>
  </datafield>
  <datafield tag="264" ind1=" " ind2="0">
    <subfield code="c">2010.</subfield>
  </datafield>
  <datafield tag="300" ind1=" " ind2=" ">
    <subfield code="a">151 hojas </subfield>
    <subfield code="c">30 cm</subfield>
  </datafield>
  <datafield tag="336" ind1=" " ind2=" ">
    <subfield code="a">text</subfield>
    <subfield code="2">rdacontent</subfield>
  </datafield>
  <datafield tag="337" ind1=" " ind2=" ">
    <subfield code="a">unmediated</subfield>
    <subfield code="2">rdamedia</subfield>
  </datafield>
  <datafield tag="338" ind1=" " ind2=" ">
    <subfield code="a">volume</subfield>
    <subfield code="2">rdacarrier</subfield>
  </datafield>
  <datafield tag="502" ind1=" " ind2=" ">
    <subfield code="a">Tesis</subfield>
    <subfield code="b">(Mg.) -- </subfield>
    <subfield code="c">Universidad Peruana Uni&#xF3;n,</subfield>
    <subfield code="d">2010.</subfield>
  </datafield>
  <datafield tag="504" ind1=" " ind2=" ">
    <subfield code="a">Incluye referencias</subfield>
  </datafield>
  <datafield tag="520" ind1="3" ind2=" ">
    <subfield code="a">La presente investigaci&#xF3;n tiene como objetivo determinar  la relaci&#xF3;n entre las variables inteligencia emocional y la funcionabilidad matrimonial de los c&#xF3;nyuges adventistas de la Universidad Peruana Uni&#xF3;n. El cuestionario sobre el cual se trabaj&#xF3; se basa en el Modelo Mc Master  (MMFF) propuesto y descrito por Epstein (1982) y el inventario de Cociente Emocional (ICE) Reuven Bar-on (2000). El cuestionario est&#xE1; constituido por diez dimensiones que constituyen cinco dimensiones por cada variable de estudio. En la variable inteligencia emocional se encuentra las dimensiones: aspecto intrapersonal del conyugue, aspecto interpersonal del c&#xF3;nyuge, adaptabilidad del c&#xF3;nyuge, manejo a la tensi&#xF3;n del c&#xF3;nyuge y estado an&#xED;mico del c&#xF3;nyuge. En la variable de funcionamiento matrimonial tenemos: comunicaci&#xF3;n conyugal, resoluci&#xF3;n de problemas conyugales, roles conyugales, afectividad conyugal y conducta conyugal. Se analiz&#xF3; la relaci&#xF3;n entre cada una de las dimensiones de una muestra de 60 parejas adventistas mediante correlaci&#xF3;n m&#xFA;ltiple. Encontr&#xE1;ndose que los matrimonios seg&#xFA;n las dimensiones aspecto intrapersonal del c&#xF3;nyuge, aspecto interpersonal del c&#xF3;nyuge, adaptabilidad del c&#xF3;nyuge, estado an&#xED;mico constante del c&#xF3;nyuge existe una correlaci&#xF3;n positiva considerable que evidencia la asociaci&#xF3;n entre comunicaci&#xF3;n conyugal, resoluci&#xF3;n de problemas conyugales, roles conyugales, afectividad conyugal, conducta conyugal. Concluimos por lo tanto que el nivel de funcionalidad matrimonial si se relaciona considerablemente con la inteligencia emocional de los matrimonios adventistas de la Universidad Peruana Uni&#xF3;n, excepto en la dimensi&#xF3;n manejo a la tensi&#xF3;n del c&#xF3;nyuge donde se encontr&#xF3; una correlaci&#xF3;n positiva moderada entre la asociaci&#xF3;n comunicaci&#xF3;n conyugal, resoluci&#xF3;n de problemas conyugales, roles conyugales, afectividad conyugal, conducta conyugal.</subfield>
  </datafield>
  <datafield tag="526" ind1=" " ind2=" ">
    <subfield code="a">SEG44</subfield>
  </datafield>
  <datafield tag="526" ind1=" " ind2=" ">
    <subfield code="a">SEG26</subfield>
  </datafield>
  <datafield tag="526" ind1=" " ind2=" ">
    <subfield code="a">P151</subfield>
  </datafield>
  <datafield tag="526" ind1=" " ind2=" ">
    <subfield code="a">P150</subfield>
  </datafield>
  <datafield tag="526" ind1=" " ind2=" ">
    <subfield code="a">P149</subfield>
  </datafield>
  <datafield tag="526" ind1=" " ind2=" ">
    <subfield code="a">P146</subfield>
  </datafield>
  <datafield tag="526" ind1=" " ind2=" ">
    <subfield code="a">P145</subfield>
  </datafield>
  <datafield tag="526" ind1=" " ind2=" ">
    <subfield code="a">P126</subfield>
  </datafield>
  <datafield tag="526" ind1=" " ind2=" ">
    <subfield code="a">P125</subfield>
  </datafield>
  <datafield tag="526" ind1=" " ind2=" ">
    <subfield code="a">P92</subfield>
  </datafield>
  <datafield tag="526" ind1=" " ind2=" ">
    <subfield code="a">P75</subfield>
  </datafield>
  <datafield tag="526" ind1=" " ind2=" ">
    <subfield code="a">P74</subfield>
  </datafield>
  <datafield tag="526" ind1=" " ind2=" ">
    <subfield code="a">P27</subfield>
  </datafield>
  <datafield tag="526" ind1=" " ind2=" ">
    <subfield code="a">P15</subfield>
  </datafield>
  <datafield tag="650" ind1="0" ind2="4">
    <subfield code="a">Matrimonio</subfield>
    <subfield code="x">Inteligencia emocional.</subfield>
  </datafield>
  <datafield tag="596" ind1=" " ind2=" ">
    <subfield code="a">1</subfield>
  </datafield>
  <datafield tag="942" ind1=" " ind2=" ">
    <subfield code="2">ddc</subfield>
    <subfield code="c">TESIS</subfield>
  </datafield>
  <datafield tag="999" ind1=" " ind2=" ">
    <subfield code="a">TE 3 E79 2010</subfield>
    <subfield code="w">ALPHANUM</subfield>
    <subfield code="c">8130</subfield>
    <subfield code="i">T01152</subfield>
    <subfield code="l">CCODEBUL3</subfield>
    <subfield code="m">BUL</subfield>
    <subfield code="r">1</subfield>
    <subfield code="s">Y</subfield>
    <subfield code="t">TESIS</subfield>
    <subfield code="u">2015-12-9</subfield>
    <subfield code="x">POSGRADO</subfield>
    <subfield code="P">P54</subfield>
    <subfield code="o">.STAFF. Tesis</subfield>
    <subfield code="d">8130</subfield>
  </datafield>
  <datafield tag="980" ind1=" " ind2=" ">
    <subfield code="8">1</subfield>
    <subfield code="g">ALBERTO SANCHEZ Responsable de Automatizaci&#xF3;n</subfield>
  </datafield>
  <datafield tag="952" ind1=" " ind2=" ">
    <subfield code="r">2022-07-06 00:00:00</subfield>
    <subfield code="l">0</subfield>
    <subfield code="o">TE 3 E79 2010</subfield>
    <subfield code="p">T01152</subfield>
    <subfield code="t">e1</subfield>
    <subfield code="w">2015-12-09</subfield>
    <subfield code="x">PG</subfield>
    <subfield code="y">TESIS</subfield>
    <subfield code="z">Este &#xCD;tem NO se presta por ser Ejemplar #1.</subfield>
    <subfield code="1">0</subfield>
    <subfield code="2">ddc</subfield>
    <subfield code="7">1</subfield>
    <subfield code="8">TESIS</subfield>
    <subfield code="f">P54</subfield>
    <subfield code="a">BUL</subfield>
    <subfield code="b">BUL</subfield>
    <subfield code="c">TESIS</subfield>
    <subfield code="d">2015-12-09</subfield>
  </datafield>
</record>
